header

National identity and the varieties of capitalism (Record no. 140762)

MARC details
000 -LEADER
fixed length control field 01555nam a2200373Ia 4500
082 04 - DEWEY DECIMAL CLASSIFICATION NUMBER
Classification number 330.9489
245 00 - TITLE STATEMENT
Title National identity and the varieties of capitalism
260 ## - PUBLICATION, DISTRIBUTION, ETC. (IMPRINT)
Place of publication Montreal :
Name of publisher McGill-Queen's University Press,
Year of publication c2006.
300 ## - PHYSICAL DESCRIPTION
Number of Pages xiv, 525 p. :
Other physical details ill., charts.
490 1# - SERIES STATEMENT
Series statement Studies in nationalism and ethnic conflict ;
650 #0 - SUBJECT ADDED ENTRY--TOPICAL TERM
Topical Term States, Small.
700 1# - ADDED ENTRY--PERSONAL NAME
Personal name Campbell, John L.,
Personal name Hall, John A.,
Personal name Pedersen, Ove Kaj,
856 40 - ELECTRONIC LOCATION AND ACCESS
Uniform Resource Identifier http://site.ebrary.com/lib/rucke/Doc?id=10178248

No items available.

© 2026 Rongo University
Contact us: librarian | system librarian | Rongo university